Non Cy Young Winners -Sudden Death - Statistics

General Stats
  • This quiz has been taken 15 times
  • The average score is 8 of 20
Answers on the Grid
Answers color-coded by a green-red scale on the quiz's grid according to % correct below.
Andy Pettitte
Jack McDowell
Juan Marichal
Barry Zito
Madison Baumgartner
Nolan Ryan
Curt Schilling
Doug Drabek
Mike Mussina
Dave Steib
Zack Grenkie
Trevor Hoffman
Josh Beckett
Cliff Lee
Don Sutton
Adam Wainwright
Tim Wakefield
Eric Gagne
Billy Wagner
David Price
Jack Morris
Chris Carpenter
Bert Blyleven
Kerry Wood
David Wells
Trevor Bauer
Dave Stewart
Mariano Rivera
Jake Arrieta
Mark Buehrle
 
Answer Stats
Answer % Correct
Andy Pettitte
58%
Tim Wakefield
58%
Adam Wainwright
50%
Billy Wagner
50%
Dave Steib
50%
Don Sutton
50%
Juan Marichal
50%
Nolan Ryan
50%
Jack Morris
42%
Kerry Wood
42%
Bert Blyleven
33%
Dave Stewart
33%
David Wells
33%
Josh Beckett
33%
Trevor Hoffman
33%
Curt Schilling
25%
Madison Baumgartner
25%
Mariano Rivera
25%
Mark Buehrle
25%
Mike Mussina
25%
No matching quizzes found
Score Distribution
Percent of People with Each Score
Percentile by Number Answered
Your Score History
You have not taken this quiz